Statystyki dla JAKA MOŻE BYĆ POGODA?

Kliknij tutaj aby rozwiązać quiz!

Ogólne statystyki

  • Ten quiz został rozwiązany 197 razy
  • Średni wynik to 3 z 6

Statystyki odpowiedzi

Odpowiedź% Poprawnych
DESZCZOWA
97%
SŁONECZNA
91%
POCHMURNA
63%
WIETRZNA
50%
SZKLANA
13%
ZMIENNA
10%

Rozkład punktacji

Percentyl według liczby udzielonych odpowiedzi

Procent ludzi z każdym wynikiem

Twoja historia wyników

Nie rozwiązałeś tego quizu